[Event "AUTO-MASTER-2897"]
[Site "http://www.queenalice.com/game.php?id=1602415"]
[Date "2020.3.12"]
[Round "3"]
[White "rmvwoods"]
[Black "proficio"]
[Result "0-1"]
[WhiteElo "2038"]
[BlackElo "2254"]

1. d4 e6 2. e4 d5 3. Nc3 Nf6 4. e5 Nfd7 5. f4 c5 6. Nf3 Nc6 7. Be3 Be7 8. Qd2 a6
9. Be2 b5 10. O-O Qb6 11. a3 cxd4 12. Nxd4 Bc5 13. Rad1 Bb7 14. b4 Bxd4 15. Bxd4
Nxd4 16. Qxd4 Rc8 17. Qxb6 Nxb6 18. Nxb5 axb5 19. Bxb5+ Bc6 20. Bd3 Ba4 21. Rf2
g6 22. Rc1 Rc3 23. Ra1 Kd7 24. Ra2 h5 25. g3 Kc6 26. Rf3 Nc4 27. Kg2 Rc8 28.
Bxc4 Rxc4 29. Kh3 d4 0-1

[Event "AUTO-ELITE-2225"]
[Site "http://www.queenalice.com/game.php?id=1608425"]
[Date "2020.4.20"]
[Round "1"]
[White "parapunzi"]
[Black "proficio"]
[Result "0-1"]
[WhiteElo "2596"]
[BlackElo "2402"]

1. e4 c5 2. Nf3 e6 3. d4 cxd4 4. Nxd4 Nc6 5. Nc3 Nf6 6. Be2 Be7 7. Be3 O-O 8.
O-O d6 9. Qd2 e5 10. Nf3 h6 11. h3 Be6 12. Rad1 Qc8 13. Rfe1 Rd8 14. Bxh6 gxh6
15. Qxh6 Nh7 16. Nd5 Qd7 17. c4 Re8 18. c5 Bf8 19. Qh4 Qd8 20. Qg3+ Kh8 21. Bb5
Bh6 22. cxd6 Rg8 23. Qh4 Qxh4 24. Nxh4 Nd4 25. Rxd4 exd4 26. Ne7 Rgd8 27. e5 Bg5
28. Nf3 a6 29. Ba4 Bxa2 30. Re4 Bxe7 31. dxe7 Re8 32. Bxe8 Rxe8 33. Nxd4 Rxe7
34. Nf5 Rd7 35. Nd6 Be6 36. f4 f6 37. Kf2 a5 38. f5 Bb3 39. Nc8 Rd8 40. Re3 a4
41. Nd6 Ng5 42. Nxb7 Rd2+ 43. Kg3 Bd5 44. Nc5 Rxg2+ 45. Kf4 Rf2+ 46. Kg4 Nf7 47.
exf6 Rxb2 48. h4 Rb8 49. h5 Kh7 50. Ra3 Rb5 0-1

[Event "AUTO-ELITE-2225"]
[Site "http://www.queenalice.com/game.php?id=1608426"]
[Date "2020.4.20"]
[Round "1"]
[White "proficio"]
[Black "parapunzi"]
[Result "1/2-1/2"]
[WhiteElo "2397"]
[BlackElo "2585"]

1. d4 d5 2. Nf3 Nf6 3. c4 c6 4. cxd5 cxd5 5. Nc3 Nc6 6. Bf4 a6 7. Rc1 Bf5 8. e3
Rc8 9. Ne5 e6 10. Qb3 Nxe5 11. Bxe5 Qd7 12. Be2 Be7 13. O-O O-O 14. Na4 Rc6 15.
Nb6 Qe8 16. f3 Bd8 17. Nc8 Qd7 18. Na7 Rb6 19. Qc3 h5 20. b3 Ne8 21. a4 f6 22.
Bb8 e5 23. e4 dxe4 24. dxe5 exf3 25. Rxf3 fxe5 26. Rd1 Qe7 27. Nc8 Bxc8 28.
Rxf8+ Kxf8 29. Qxc8 Bc7 30. Ba7 Qe6 31. Qxe6 Rxe6 32. Bc5+ Bd6 33. Bxd6+ Nxd6
34. Bxh5 Ne8 35. Rd8 g6 36. Be2 Ke7 37. Bc4 Rc6 38. Rd5 Kf6 39. Rd7 e4 40. Bd5
Rc1+ 41. Kf2 Ke5 42. Bxb7 Nd6 43. Bxa6 Rc2+ 44. Be2 Nf5 45. Ke1 Ra2 46. Rd2 Ra1+
47. Rd1 Ra2 48. Rd2 Ra1+ 1/2-1/2

[Event "AUTO-ELITE-2225"]
[Site "http://www.queenalice.com/game.php?id=1608431"]
[Date "2020.4.20"]
[Round "1"]
[White "proficio"]
[Black "speedmaxL"]
[Result "1-0"]
[WhiteElo "2381"]
[BlackElo "2511"]

1. d4 d5 2. Nf3 Nf6 3. c4 dxc4 4. e3 e6 5. Bxc4 a6 6. O-O c5 7. Qe2 b5 8. Bd3
Bb7 9. dxc5 Nc6 10. Rd1 Qb8 11. b3 Bxc5 12. a4 bxa4 13. Rxa4 Nb4 14. Bb5+ Ke7
15. Bc4 Rd8 16. Nbd2 a5 17. Bb2 Bc6 18. Raa1 Qb7 19. Nh4 h6 20. Bxf6+ Kxf6 21.
Qg4 g5 22. Nhf3 Rg8 23. Rac1 Bb6 24. Nd4 h5 25. Qh3 Bxd4 26. exd4 Rg6 27. Be2 h4
28. Rc5 Bd5 29. Nc4 a4 30. bxa4 Rxa4 31. Qe3 1-0

[Event "AUTO-ELITE-2225"]
[Site "http://www.queenalice.com/game.php?id=1608432"]
[Date "2020.4.20"]
[Round "1"]
[White "speedmaxL"]
[Black "proficio"]
[Result "1/2-1/2"]
[WhiteElo "2507"]
[BlackElo "2377"]

1. e4 c5 2. Nf3 e6 3. d4 cxd4 4. Nxd4 Nc6 5. Nc3 Nf6 6. Ndb5 d6 7. Bf4 e5 8. Bg5
a6 9. Na3 b5 10. Nd5 Be7 11. Bxf6 Bxf6 12. c4 b4 13. Nc2 a5 14. g3 O-O 15. h4
Be6 16. Bh3 a4 17. Bxe6 fxe6 18. Ndxb4 Nxb4 19. Nxb4 Qb6 20. Qd2 Rac8 21. Rc1
Qb7 22. O-O Be7 23. c5 Rxc5 24. Rxc5 dxc5 25. Nd3 Qxe4 26. Re1 Qd5 1/2-1/2

[Event "AUTO-MASTER-2948"]
[Site "http://www.queenalice.com/game.php?id=1608455"]
[Date "2020.4.20"]
[Round "1"]
[White "Pistolero"]
[Black "proficio"]
[Result "0-1"]
[WhiteElo "2054"]
[BlackElo "2282"]

1. e4 c5 2. Nf3 e6 3. c4 Nc6 4. Nc3 Nd4 5. d3 Ne7 6. Be3 Nec6 7. Be2 Be7 8. O-O
a6 9. Nd2 O-O 10. f4 Rb8 11. Nf3 b5 12. Qd2 Qb6 13. Rab1 f5 14. b3 Qa5 15. Rfe1
Bb7 16. Bf1 bxc4 17. dxc4 fxe4 18. Nxe4 Qxd2 19. Nexd2 Nc2 20. Re2 Nxe3 21. Rxe3
Rxf4 22. g3 Rff8 23. Bg2 Rfd8 24. Rd1 Nb4 0-1

[Event "AUTO-MASTER-2948"]
[Site "http://www.queenalice.com/game.php?id=1608456"]
[Date "2020.4.20"]
[Round "1"]
[White "proficio"]
[Black "Pistolero"]
[Result "1-0"]
[WhiteElo "2287"]
[BlackElo "2047"]

1. d4 Nf6 2. c4 d6 3. Nc3 g6 4. f3 Bg7 5. e4 O-O 6. Nge2 c5 7. Be3 cxd4 8. Nxd4
Nc6 9. Be2 a6 10. O-O Bd7 11. Qd2 Rc8 12. Rad1 Ne5 13. b3 Re8 14. Nd5 Nxd5 15.
cxd5 Qc7 16. Rc1 Qb8 17. Ra1 Rc7 18. f4 Ng4 19. Bxg4 Bxg4 20. f5 gxf5 21. exf5
Qc8 22. Rf4 Bxf5 23. Nxf5 Bxa1 24. Nh6+ Kh8 25. Nxf7+ Kg8 26. Nh6+ Kg7 27. Rf7+
1-0

[Event "AUTO-MASTER-2948"]
[Site "http://www.queenalice.com/game.php?id=1608465"]
[Date "2020.4.20"]
[Round "1"]
[White "proficio"]
[Black "josebaron"]
[Result "1/2-1/2"]
[WhiteElo "2279"]
[BlackElo "2365"]

1. d4 d5 2. Nf3 Nf6 3. c4 dxc4 4. e3 e6 5. Bxc4 Be7 6. Qe2 a6 7. a3 Nbd7 8. b4
O-O 9. Nc3 a5 10. b5 c5 11. O-O cxd4 12. exd4 b6 13. d5 exd5 14. Nxd5 Nxd5 15.
Bxd5 Bf6 16. Bf4 Bxa1 17. Bxa8 Bf6 18. Rd1 Qe7 19. Qxe7 Bxe7 20. Bd6 Bxd6 21.
Rxd6 g6 22. h4 Kg7 23. Kh2 a4 24. Bc6 Nc5 25. Bd5 Be6 26. Bxe6 Nxe6 27. Rxb6 Rd8
28. Rc6 Rd3 29. b6 Rd5 30. Ng5 Nxg5 31. Rc4 Rb5 32. Rb4 Rxb4 33. axb4 a3 1/2-1/2

[Event "AUTO-MASTER-2948"]
[Site "http://www.queenalice.com/game.php?id=1608466"]
[Date "2020.4.20"]
[Round "1"]
[White "josebaron"]
[Black "proficio"]
[Result "1/2-1/2"]
[WhiteElo "2349"]
[BlackElo "2277"]

1. e4 c5 2. Bc4 a6 3. a4 Nc6 4. Nf3 e6 5. Nc3 Nf6 6. O-O d5 7. exd5 exd5 8. Ba2
Be6 9. Re1 Be7 10. d4 c4 11. b3 Bb4 12. Bb2 cxb3 13. Bxb3 O-O 14. Ne5 Re8 15.
Nd3 Bd6 16. h3 Rc8 17. Nc5 Bb8 18. Nxe6 fxe6 19. g3 Na5 20. Re3 Nc4 21. Bxc4
Rxc4 22. Nb1 Qc8 23. Nd2 Rxc2 24. Rc1 Rc6 25. Rxc6 1/2-1/2

[Event "AUTO-MASTER-2899"]
[Site "http://www.queenalice.com/game.php?id=1614796"]
[Date "2020.6.1"]
[Round "2"]
[White "jupar"]
[Black "proficio"]
[Result "0-1"]
[WhiteElo "2033"]
[BlackElo "2316"]

1. e4 c5 2. Nf3 e6 3. c3 d5 4. e5 Nc6 5. Bb5 Bd7 6. Bxc6 Bxc6 7. d4 h6 8. Nbd2
b6 9. O-O Rc8 10. Nb3 Ba4 11. dxc5 bxc5 12. Qe2 Qb6 13. Be3 Bb5 14. Qd2 Bxf1 15.
Rxf1 a5 16. a3 Qxb3 17. Rc1 a4 18. h4 Qc4 19. Rd1 Ne7 20. g3 Nc6 21. h5 Qg4 22.
Ne1 Rb8 23. Kg2 Nxe5 24. Qc2 Rb3 25. Nd3 Qe4+ 26. Kg1 d4 27. cxd4 Nxd3 28. dxc5
Nxf2 29. Qxf2 Rxe3 30. Qc2 Rxg3+ 31. Kf2 Qe3+ 0-1

[Event "AUTO-MASTER-2899"]
[Site "http://www.queenalice.com/game.php?id=1614797"]
[Date "2020.6.1"]
[Round "2"]
[White "proficio"]
[Black "jupar"]
[Result "1-0"]
[WhiteElo "2292"]
[BlackElo "2035"]

1. d4 d5 2. c4 e6 3. Nc3 c6 4. Nf3 Bd6 5. e4 dxe4 6. Nxe4 Be7 7. Bd3 Nf6 8. O-O
Nbd7 9. Re1 Nxe4 10. Rxe4 Nf6 11. Rh4 c5 12. Bg5 h6 13. Qe2 b6 14. Rd1 Bb7 15.
d5 exd5 16. Bxf6 gxf6 17. cxd5 Qd6 18. Re1 Bxd5 19. Be4 Bxe4 20. Rxe4 O-O 21.
Nh4 Rfe8 22. Nf5 Qd7 23. Qg4+ 1-0

[Event "AUTO-MASTER-2899"]
[Site "http://www.queenalice.com/game.php?id=1614798"]
[Date "2020.6.1"]
[Round "2"]
[White "RichardH"]
[Black "proficio"]
[Result "1/2-1/2"]
[WhiteElo "2305"]
[BlackElo "2320"]

1. d4 e6 2. c4 Nf6 3. Nc3 Bb4 4. Qc2 O-O 5. a3 Bxc3+ 6. Qxc3 Qe7 7. g3 Re8 8.
Bg2 d6 9. Nf3 a5 10. O-O e5 11. Bg5 Nbd7 12. dxe5 dxe5 13. Nd2 a4 14. Rad1 Ra6
15. Bxf6 Nxf6 16. Ne4 h5 17. c5 h4 18. Rfe1 Nh5 19. Qb4 Rg6 20. Qxa4 f5 21. Nc3
hxg3 22. hxg3 c6 23. e3 Rf8 24. Rd6 Be6 25. b4 Nxg3 26. fxg3 Rxg3 27. Qc2 Rf6
28. Rf1 Rfg6 29. Rf2 Rxe3 30. Qd2 f4 31. Rd3 Qg5 32. Nd1 Rxd3 33. Qxd3 Bd5 34.
Qd2 Qh5 35. Nc3 Be6 36. Qd1 Qh3 37. Qd8+ Kh7 38. Ne4 Qg4 39. Qd3 1/2-1/2

[Event "AUTO-MASTER-2899"]
[Site "http://www.queenalice.com/game.php?id=1614799"]
[Date "2020.6.1"]
[Round "2"]
[White "proficio"]
[Black "RichardH"]
[Result "1-0"]
[WhiteElo "2296"]
[BlackElo "2310"]

1. d4 Nf6 2. c4 g6 3. f3 Bg7 4. e4 d6 5. Ne2 O-O 6. Nbc3 c5 7. Be3 Nc6 8. d5 Na5
9. Ng3 a6 10. Be2 Rb8 11. Qc1 Bd7 12. b3 h5 13. O-O h4 14. Nh1 Nh5 15. g4 hxg3
16. hxg3 b5 17. g4 b4 18. gxh5 Bxc3 19. Rf2 gxh5 20. Rg2+ Kh7 21. Kf2 Bxa1 22.
Qxa1 e5 23. Rg5 Rg8 24. Rxh5+ Kg7 25. Qg1+ Kf8 26. Bh6+ 1-0

[Event "AUTO-MASTER-2921"]
[Site "http://www.queenalice.com/game.php?id=1619369"]
[Date "2020.7.5"]
[Round "2"]
[White "proficio"]
[Black "ratorei"]
[Result "1-0"]
[WhiteElo "2308"]
[BlackElo "2173"]

1. d4 Nf6 2. c4 d5 3. cxd5 Nxd5 4. Nf3 Bf5 5. Nbd2 Bg6 6. h4 f6 7. e4 Nf4 8. g3
Ne6 9. Qb3 Nxd4 10. Nxd4 Qxd4 11. Qxb7 1-0

[Event "AUTO-MASTER-2921"]
[Site "http://www.queenalice.com/game.php?id=1619370"]
[Date "2020.7.5"]
[Round "2"]
[White "ratorei"]
[Black "proficio"]
[Result "0-1"]
[WhiteElo "2121"]
[BlackElo "2322"]

1. e4 c5 2. Nf3 e6 3. d4 cxd4 4. Nxd4 a6 5. c4 Bb4+ 6. Bd2 Qb6 7. Nb3 Nf6 8. Bd3
Nc6 9. Nc3 Ne5 10. Qe2 O-O 11. Bc2 Qc7 12. Bf4 Bxc3+ 13. bxc3 d6 14. Nd2 Bd7 15.
O-O Rfc8 16. Bxe5 dxe5 17. Kh1 Rd8 18. h3 Be8 19. g3 h6 20. f4 Nh5 21. Kg2 exf4
22. Qxh5 Rxd2+ 23. Rf2 Rad8 24. Qf3 fxg3 25. Re2 Qxc4 26. Re1 Bb5 0-1

[Event "AUTO-MASTER-2921"]
[Site "http://www.queenalice.com/game.php?id=1619371"]
[Date "2020.7.5"]
[Round "2"]
[White "proficio"]
[Black "jpribeiro"]
[Result "1-0"]
[WhiteElo "2328"]
[BlackElo "1956"]

1. d4 Nf6 2. c4 g6 3. Nc3 Bg7 4. e4 d6 5. Nf3 O-O 6. Bd3 Bg4 7. Be2 Bxf3 8. Bxf3
c6 9. O-O e5 10. d5 cxd5 11. cxd5 Nbd7 12. Qe2 Nc5 13. Be3 b6 14. b4 Ncd7 15.
Rab1 a6 16. a4 Qe7 17. Rfc1 Rfc8 18. h3 Rc7 19. Nd1 Rxc1 20. Rxc1 Qd8 21. Rc6 a5
22. b5 Rc8 23. Rxd6 Qc7 24. Rc6 Qb8 25. Qc2 1-0

[Event "AUTO-MASTER-2921"]
[Site "http://www.queenalice.com/game.php?id=1619372"]
[Date "2020.7.5"]
[Round "2"]
[White "jpribeiro"]
[Black "proficio"]
[Result "0-1"]
[WhiteElo "1982"]
[BlackElo "2329"]

1. e4 c5 2. c3 d5 3. exd5 Qxd5 4. Nf3 Nf6 5. d4 cxd4 6. Qxd4 Nc6 7. Qxd5 Nxd5 8.
Bc4 Nb6 9. Bd3 e5 10. O-O Be6 11. Re1 O-O-O 12. Be4 f6 13. Be3 Nd5 14. Bd2 g5
15. h3 h5 16. Nh2 g4 17. hxg4 hxg4 18. a3 g3 19. Nf1 gxf2+ 20. Kxf2 Bc5+ 21. Kf3
f5 22. Bc2 f4 23. b4 Bb6 24. b5 Rhg8 25. bxc6 Bg4+ 26. Ke4 Rg6 27. cxb7+ Kxb7
28. Kxe5 Re6# 0-1